[Event "Goch op 15th"]
[Site "Goch"]
[Date "2004.10.01"]
[Round "2"]
[White "Mohrholz, Stefan"]
[Black "Bierboms, Dieter"]
[Result "1-0"]
[WhiteElo "2031"]
[BlackElo "1694"]
[PlyCount "81"]
[EventDate "2004.09.30"]
[EventType "swiss"]
[EventRounds "7"]
[EventCountry "GER"]
[SourceTitle "EXT 2006"]
[Source "ChessBase"]
[SourceDate "2005.11.24"]
[SourceVersion "1"]
[SourceVersionDate "2005.11.24"]
[SourceQuality "1"]

1. Nf3 f5 2. e4 fxe4 3. Ng5 g6 4. Nxe4 Bg7 5. d4 Nf6 6. Nbc3 0-0 7. Be2 Nxe4 8. Nxe4 e5 9. dxe5 Nc6 10. Bg5 Qe8 11. f4 Nxe5 12. Qd5+ Nf7 13. 0-0 c6 14. Qd3 d5 15. Nf6+ Bxf6 16. Bxf6 Bf5 17. Qd2 Nd6 18. Be5 Ne4 19. Qe3 Qe7 20. c4 Nf6 21. cxd5 cxd5 22. Qd4 Be4 23. Rac1 Ne8 24. Bf3 Bxf3 25. Rxf3 Qe6 26. Rc5 Rd8 27. Rd3 Nf6 28. Rc7 Rf7 29. Rxf7 Kxf7 30. Qxa7 Ng4 31. Qxb7+ Rd7 32. Qc8 Nxe5 33. fxe5 Qb6+ 34. Kh1 Rd8 35. Qc1 Kg7 36. h3 Qe6 37. Qg5 Rf8 38. Rb3 Rf5 39. Rb7+ Rf7 40. Rxf7+ Kxf7 41. Qf6+ 1-0

[Event "Goch op 14th"]
[Site "Goch"]
[Date "2003.??.??"]
[Round "6"]
[White "Bierboms, Dieter"]
[Black "Schmitt, Martin"]
[Result "0-1"]
[WhiteElo "1620"]
[BlackElo "1665"]
[PlyCount "64"]
[EventDate "2003.10.02"]
[EventType "swiss"]
[EventRounds "7"]
[EventCountry "GER"]
[SourceTitle "EXT 2006"]
[Source "ChessBase"]
[SourceDate "2005.11.24"]
[SourceVersion "1"]
[SourceVersionDate "2005.11.24"]
[SourceQuality "1"]

1. d4 Nf6 2. Nf3 g6 3. c4 c5 4. d5 b5 5. cxb5 a6 6. bxa6 Bxa6 7. g3 d6 8. Bg2 Nbd7 9. 0-0 Bg7 10. Re1 Qc7 11. Nc3 0-0 12. e4 Rfb8 13. Rb1 Ng4 14. Bd2 Nde5 15. Nxe5 Nxe5 16. Be3 Nd3 17. Re2 Nxb2 18. Rexb2 Rxb2 19. Rxb2 Bxc3 20. Rb3 Bb4 21. Bh6 Bc4 22. Qa1 f6 23. Rxb4 cxb4 24. Qc1 Qc5 25. Bh3 Rxa2 26. Be3 Qb5 27. Bf1 Bxf1 28. Qc8+ Kg7 29. Bh6+ Kxh6 30. Qf8+ Kg5 31. h4+ Kg4 32. Qc8+ Kf3 0-1

[Event "Goch op 14th"]
[Site "Goch"]
[Date "2003.??.??"]
[Round "5"]
[White "Lehmann, Heinz Gerd"]
[Black "Bierboms, Dieter"]
[Result "1-0"]
[WhiteElo "1670"]
[BlackElo "1620"]
[PlyCount "61"]
[EventDate "2003.10.02"]
[EventType "swiss"]
[EventRounds "7"]
[EventCountry "GER"]
[SourceTitle "EXT 2006"]
[Source "ChessBase"]
[SourceDate "2005.11.24"]
[SourceVersion "1"]
[SourceVersionDate "2005.11.24"]
[SourceQuality "1"]

1. e4 e5 2. Nf3 Nf6 3. Nxe5 Nxe4 4. d4 Qe7 5. Be3 d6 6. Nf3 d5 7. Bd3 Nc6 8. 0-0 Bg4 9. c3 0-0-0 10. Nbd2 h5 11. h3 Bd7 12. Re1 Qe8 13. Bf4 Be7 14. Nxe4 dxe4 15. Bxe4 Qf8 16. a4 g5 17. Bxg5 Bxg5 18. Nxg5 Qg7 19. h4 f6 20. Nf3 Rhg8 21. g3 Qg4 22. Re3 f5 23. Bxc6 Bxc6 24. Ne5 Qxh4 25. Nxc6 bxc6 26. Qf3 f4 27. Re4 Rdf8 28. Rae1 Qh3 29. Rxf4 Rxf4 30. Qxf4 h4 31. Re7 1-0